000 00291nam a22001337a 4500
008 170405b xxu||||| |||| 00| 0 eng d
020 _a9780072297669
041 _aeng
080 _a574
100 _a9
101 _aSHM
245 _aINTERGRATED SCIENCE
_cTILLERY.B.W
942 _2udc
_cBK
999 _c9761
_d9761